Your foundation in health and social care : (Record no. 8335)

MARC details
000 -LEADER
fixed length control field 00705nam a22002172 4500
001 - CONTROL NUMBER
control field 0000012819
005 - DATE AND TIME OF LATEST TRANSACTION
control field 20151217152114.0
008 - FIXED-LENGTH DATA ELEMENTS--GENERAL INFORMATION
fixed length control field 090322s xx 000 0 eng d
020 ## - INTERNATIONAL STANDARD BOOK NUMBER
International Standard Book Number 1412920391 :
040 ## - CATALOGING SOURCE
Original cataloging agency KABU
Transcribing agency KABU
245 10 - TITLE STATEMENT
Title Your foundation in health and social care :
Remainder of title a guide for foundation degree students /
Statement of responsibility, etc. edited by Graham Brotherton and Steven Parker.
250 ## - EDITION STATEMENT
Edition statement 1st ed.
260 ## - PUBLICATION, DISTRIBUTION, ETC. (IMPRINT)
Place of publication, distribution, etc. London :
Name of publisher, distributor, etc. Sage,
Date of publication, distribution, etc. 2008.
300 ## - PHYSICAL DESCRIPTION
Extent xii, 251 p.
650 #0 - SUBJECT ADDED ENTRY--TOPICAL TERM
Topical term or geographic name as entry element Social medicine.
-- 0000163241
700 1# - ADDED ENTRY--PERSONAL NAME
Personal name Brotherton, Graham.
-- 0000169770
700 1# - ADDED ENTRY--PERSONAL NAME
Personal name Parker, Steven.
-- 0000126016
852 1# - LOCATION
-- p5150 KES
908 ## - PUT COMMAND PARAMETER (RLIN)
Put command parameter 090322
950 ## - LOCAL HOLDINGS (RLIN)
-- 1
Holdings
Withdrawn status Lost status Source of classification or shelving scheme Not for loan Home library Current library Date acquired Total Checkouts Full call number Barcode Date last seen Price effective from Koha item type
    Library of Congress Classification   Kabarak, Main Campus Kabarak, Main Campus 17/12/2015   RA418 .Y68 2008 c. 1 16172 17/12/2015 17/12/2015 General Collection
Designed with assistance from East African Informatics Ltd